000 02347cam a22004214i 4500
003 PE-LiUPU
005 20250731183428.0
008 150706s r 000 0 d
020 _a9780470031568
035 _a(Sirsi) i9780470031568
040 _aPE-LiUPU
_bspa
_cPE-LiUPU
_erda
049 _aPRUA
082 0 4 _a726
_bH31
_221
100 1 _aHeathcote, Edwin,
_eautor.
245 1 0 _aContemporary church architecture /
_cEdwin Heathcote y Laura Moffatt.
264 1 _aChichester :
_bWiley-Academy,
_c2007.
300 _a237 páginas :
_bilustraciones, fotos, color ;
_c28 cm.
336 _atext
_2rdacontent
337 _aunmediated
_2rdamedia
338 _avolume
_2rdacarrier
504 _aIncluye referencias bibliográficas (p. 236).
505 0 _aIntroduction -- Naked Churches -- Santo Ovidio Estate Chapel. - Night Pilgrimage Chapel -- Los Nogales School Chapel -- Carmelite Monastery Chapel and Sacristy -- Oberrealta Chapel -- Chapel of St Mary of the Angels -- Private Chapel -- Church of St Thomas Aquinas -- Church of St John the Baptist -- Jesuit Retreat Chapel -- Church of San Giovanni Rotondo -- Christ Church -- Mortensrud Church -- Paper Church -- Church of the Sacred Heart -- Church of Santa Maria -- Jubilee Church -- Novy Dvur Monastery -- Cathedral of Our Lady of the Angels -- Yancey Chapel -- Chapel of St Ignatius -- Harajyuku Church -- Sacred Heart Catholic Church and Parish Centre -- Faith House -- Korean Presbyterian Church of New York -- Antioch Baptist Church -- St Stephen's Church -- The Christ Pavilion -- .
526 _aP158
526 _aP146
526 _aP17
526 _aP12
526 _aP06
541 _g004-000263;
650 0 4 _aIglesia
_xArquitectura.
650 0 4 _aArquitectura moderna
_ySiglo XXI.
700 1 _aMoffatt, Laura,
_eautor.
910 _bjv
_cng
_d20110601
942 _2ddc
_cBOOK
949 _a726 H31
_wDEWEY
_c1
_i63036
_lCCODEBUL1
_mBUL
_p133.00
_r0
_sY
_tBOOK
_u2015-7-6
_xINGENIERIA
_PP06
_o.STAFF. Colección General
994 _aC0
_bPEPRU
596 _a1
999 _a726 H31
_wDEWEY
_c52052
_i63036
_d52052
_e2017-6-25
_f2021-11-10
_g7
_lCCODEBUL1
_mBUL
_n2
_p133.00
_q1
_r0
_sY
_tBOOK
_u2015-7-6
_xINGENIERIA
_PP06
_0COMPRA
_o.STAFF. Colección General
980 _81
_gALBERTO SANCHEZ Responsable de Automatización